Bring forth justice: (Record no. 10165)

000 -LEADER
fixed length control field 00673nam a2200205 a 4500
001 - CONTROL NUMBER
control field :::00007950$&:&@@
003 - CONTROL NUMBER IDENTIFIER
control field OkBaRHE
005 - DATE AND TIME OF LATEST TRANSACTION
control field 20000607103340.0
008 - FIXED-LENGTH DATA ELEMENTS--GENERAL INFORMATION
fixed length control field s1980 j 000 0 eng u
020 ## - INTERNATIONAL STANDARD BOOK NUMBER
International Standard Book Number 080281848X
040 ## - CATALOGING SOURCE
Transcribing agency
100 1# - MAIN ENTRY--PERSONAL NAME
Personal name Scott, Waldron.
245 10 - TITLE STATEMENT
Title Bring forth justice:
Remainder of title a contemporary perspective on mission.
260 ## - PUBLICATION, DISTRIBUTION, ETC. (IMPRINT)
Place of publication, distribution, etc Grand Rapids, MI., :
Name of publisher, distributor, etc William B. Eerdmans Publishing Co.
Date of publication, distribution, etc c1980
300 ## - PHYSICAL DESCRIPTION
Extent xviii, 318 p. : illus. ;
Dimensions 21 cm.
650 ## - SUBJECT ADDED ENTRY--TOPICAL TERM
Topical term or geographic name as entry element Christianity and Justice
650 ## - SUBJECT ADDED ENTRY--TOPICAL TERM
Topical term or geographic name as entry element Missions
General subdivision Theory
942 ## - ADDED ENTRY ELEMENTS (KOHA)
Source of classification or shelving scheme
Koha item type Books
Copies
Barcode Permanent Location Damaged status Full call number Price effective from Lost status Withdrawn status Date last seen Source of classification or shelving scheme Copy number Date acquired Shelving location Not for loan Koha item type
7950RHEMA Bible Training College BV 2063 .S372010-04-14  2010-04-14 12010-04-14General Stacks Books